Plus grande région par pays #2 - Statistiques

Statistiques générales
  • Ce quiz a été pris 12 fois
  • Le résultat moyen est 3 sur 16
Statistiques - réponses
Hint Réponse % Correct
Finlande Laponie Région
60%
Monaco Monte-Carlo Quartier
50%
Australie Australie Occidentale Etat
30%
Japon Hokkaido Préfecture
30%
Irlande Munster Province hist.
30%
Autriche Basse-Autriche Land
20%
Inde Rajasthan Etat
20%
Malaisie Sarawak Etat
20%
Pakistan Baloutchistan Etat
10%
Argentine Buenos Aires Province
10%
Emirats Emirat d'Abou Dabi Emirat
10%
Grèce Macédoine-Centrale Région
10%
Nigeria Niger Etat
10%
Ukraine Odessa Oblast
10%
Russie République de Sakha Kraï
10%
Tunisie Tataouine Gouvernorat
10%
Aucun quiz correspondant
Distribution des résultats
% des personnes avec chaque résultat
Percentile par nombre de réponses
Votre historique - résultats
Vous n’avez pas pris ce quiz